000 00420nam a22001697a 4500
005 20160525094332.0
008 160525b xxu||||| |||| 00| 0 eng d
020 _a0-07-049966-7
041 _aeng
082 _b4789
100 _aMaheshwari & Maheshwari
_91190
245 _aAn Introduction to Accountancy
260 _aNew Delhi
_bAcademic Faundation
300 _a5.143
650 _aManagement
_9241
942 _cBK
999 _c1626
_d1625